000 01158nac a22003251i 4500
003 EG-ScBUE
005 20250804093612.0
008 250804t1994 ne a f b 001 0 eng d
020 _a0792326288 (acid-free paper)
040 _aEG-ScBUE
_beng
_erda
_cEG-ScBUE
_dEG-ScBUE
082 0 4 _a547.0310459
_bOXY
_222
245 0 0 _aOxygenates by homologation or CO hydrogenation with metal complexes /
_cedited by Giuseppe Braca, University of Pisa, Italy.
264 1 _aDordrecht :
_bKluwer Academic Publishers,
_c[1994]
264 4 _cc1994
300 _axvi, 226 pages :
_billustrations ;
_c23 cm.
336 _2rdacontent
_atext
_btxt
337 _aunmediated
_2rdamedia
_bn
338 _avolume
_bnc
_2rdacarrier
490 0 _aCatalysis by metal complexes ;
_vvolume 16
504 _aIncludes bibliographical references and index.
650 7 _aAlcohols
_xSynthesis.
_2BUEsh
650 7 _aGlycols
_xSynthesis.
_2BUEsh
650 7 _aHydrogenation.
_2BUEsh
650 7 _aCarbon monoxide.
_2BUEsh
650 7 _aMetal complexes.
_2BUEsh
650 7 _aCatalysis.
_2BUEsh
655 _vReading book
700 1 _aBraca, Giuseppe,
_d1937-
_eeditor.
942 _cBB
_2ddc
999 _c4510
_d4510